| 000 | 00374nam a22001217a 4500 | ||
|---|---|---|---|
| 999 |
_c3299 _d3299 |
||
| 005 | 20201123131554.0 | ||
| 008 | 201123b ||||| |||| 00| 0 eng d | ||
| 020 | _a0872010058 | ||
| 040 | _cCML | ||
| 245 |
_aThe adult Learner: A Neglected Species. _cKnowles M. |
||
| 260 |
_aLondon _bGulf Publishing Company _c1973 |
||
| 942 |
_2ddc _cBK _eThird Edition _h374 _mKNO |
||